Online Catalogue and eLibrary

Manawa viddya ha samaja viddya (Record no. 1025)

MARC details
000 -LEADER
fixed length control field 00412nam a2200169Ia 4500
005 - DATE AND TIME OF LATEST TRANSACTION
control field 20250519020940.0
008 - FIXED-LENGTH DATA ELEMENTS--GENERAL INFORMATION
fixed length control field 240331s9999 xx 000 0 und d
020 ## - INTERNATIONAL STANDARD BOOK NUMBER
ISBN 9552008441
082 ## - DDC Classification
Class No. 301
Item Number - Author Mark PER
100 ## - MAIN ENTRY--PERSONAL NAME
Personal name Perera, B.A.T
245 #0 - TITLE STATEMENT
Title Manawa viddya ha samaja viddya
260 ## - PUBLICATION, DISTRIBUTION, ETC.
Place of publication, distribution, etc. Colombo
Name of publisher, distributor, etc. S. Godage & Brothers
Date of publication, distribution, etc. 1993
300 ## - PHYSICAL DESCRIPTION
Extent (e.g. Volumes, Pages etc.) 127 p .,
650 ## - SUBJECT ADDED ENTRY--TOPICAL TERM
Topical term or geographic name entry element Psychology
650 ## - SUBJECT ADDED ENTRY--TOPICAL TERM
Topical term or geographic name entry element Sociology
942 ## - Koha item type (Biblio)
Koha item type Books in Stacks (Lending)
Holdings
Lost status Damaged status Collection code Home library Current library Shelving location Date acquired Full call number Accession Number Item type
    Lending WERC Library WERC Library Social Science Cupboard 03/31/2024 301 PER 3096 Books in Stacks (Lending)

© WERC Library